000 00332nam a2200133Ia 4500
008 240624s9999 xx 000 0 und d
041 _aeng
082 _a823 KIN
100 _aKING ROSS
245 _aLEONARDO AND THE LAST SUPPER
260 _c2012
_aNew Delhi
_bBloomsbury
300 _axi, : 336 : p. : cm. ; 23
365 _cRS
_b30
999 _c26835
_d26835